Islamic art and architecture 650-1250 / (Record no. 5819)

MARC details
000 -LEADER
fixed length control field 01932cam a22004454a 4500
001 - CONTROL NUMBER
control field 12130522
003 - CONTROL NUMBER IDENTIFIER
control field OSt
005 - DATE AND TIME OF LATEST TRANSACTION
control field 20260429085706.0
008 - FIXED-LENGTH DATA ELEMENTS--GENERAL INFORMATION
fixed length control field 000803s2001 ctuab b 001 0 eng
010 ## - LIBRARY OF CONGRESS CONTROL NUMBER
LC control number 00043769
020 ## - INTERNATIONAL STANDARD BOOK NUMBER
International Standard Book Number 9780300088694
Qualifying information cloth : alk. paper
020 ## - INTERNATIONAL STANDARD BOOK NUMBER
International Standard Book Number 0300088698
Qualifying information alk. paper
035 ## - SYSTEM CONTROL NUMBER
System control number 12130522
040 ## - CATALOGING SOURCE
Original cataloging agency DLC
Transcribing agency Foundation University
042 ## - AUTHENTICATION CODE
Authentication code pcc
043 ## - GEOGRAPHIC AREA CODE
Geographic area code aw-----
-- f------
-- a------
050 00 - LIBRARY OF CONGRESS CALL NUMBER
Classification number N 6260
Item number .E79 2001
100 1# - MAIN ENTRY--PERSONAL NAME
Personal name Ettinghausen, Richard.
9 (RLIN) 15709
245 10 - TITLE STATEMENT
Title Islamic art and architecture 650-1250 /
Statement of responsibility, etc. Richard Ettinghausen, Oleg Grabar, Marilyn Jenkins-Madina.
250 ## - EDITION STATEMENT
Edition statement 2nd ed.
260 ## - PUBLICATION, DISTRIBUTION, ETC.
Place of publication, distribution, etc. New Haven, CT :
Name of publisher, distributor, etc. Yale University Press,
Date of publication, distribution, etc. 2001.
264 ## - PRODUCTION, PUBLICATION, DISTRIBUTION, MANUFACTURE, AND COPYRIGHT NOTICE
Copyright Date 2001
300 ## - PHYSICAL DESCRIPTION
Extent xiii, 344 p. ::
Other physical details ill. (some col.), map ;
Dimensions 30 cm.
Materials specified books
Type of unit book
336 ## - CONTENT TYPE
Content type term text
Content type code txt
Source rdacontent
Materials specified book
337 ## - MEDIA TYPE
Media type term unmediated
Media type code n
Source rdamedia
Materials specified book
338 ## - CARRIER TYPE
Carrier type term volume
Carrier type code nc
Source rdacarrier
Materials specified book
440 #0 - SERIES STATEMENT/ADDED ENTRY--TITLE
Title Yale University Press Pelican history of art
9 (RLIN) 15710
500 ## - GENERAL NOTE
General note "Some sections of this book were previously published in The art and architecture of Islam 650-1250 by Penguin Books Ltd, 1987"--T.p. verso.
504 ## - BIBLIOGRAPHY, ETC. NOTE
Bibliography, etc. note Includes bibliographical references (p. [329]-335) and indexes.
650 #0 - SUBJECT ADDED ENTRY--TOPICAL TERM
Topical term or geographic name entry element Islamic art.
9 (RLIN) 15711
650 #0 - SUBJECT ADDED ENTRY--TOPICAL TERM
Topical term or geographic name entry element Islamic architecture.
9 (RLIN) 15712
650 #0 - SUBJECT ADDED ENTRY--TOPICAL TERM
Topical term or geographic name entry element Art, Medieval
Geographic subdivision Islamic Empire.
9 (RLIN) 15713
650 #0 - SUBJECT ADDED ENTRY--TOPICAL TERM
Topical term or geographic name entry element Architecture, Medieval
Geographic subdivision Islamic Empire.
9 (RLIN) 15714
700 1# - ADDED ENTRY--PERSONAL NAME
Personal name Grabar, Oleg.
9 (RLIN) 15715
700 1# - ADDED ENTRY--PERSONAL NAME
Personal name Jenkins, Marilyn,
Dates associated with a name 1940-
9 (RLIN) 15716
906 ## - LOCAL DATA ELEMENT F, LDF (RLIN)
a 7
b cbc
c orignew
d 1
e ocip
f 20
g y-gencatlg
942 ## - ADDED ENTRY ELEMENTS (KOHA)
Source of classification or shelving scheme Library of Congress Classification
Koha item type Books
Classification part N 6260
Item part .2001 E79
Call number prefix (DAFA-FA)
Holdings
Withdrawn status Lost status Source of classification or shelving scheme Damaged status Not for loan Collection code Home library Current library Shelving location Date acquired Source of acquisition Total Checkouts Full call number Barcode Date last seen Price effective from Koha item type Accession Number
    Library of Congress Classification     Non-fiction Foundation University Library Foundation University Library DoArchitecture & Fine Arts 04/29/2026 Donations   (DAFA-FA) N 6260 .2001 E79 0192026003284 04/29/2026 04/29/2026 Books DAFA-2026284